|
|
|
|
| LEADER |
01045ncm a22002532a 4500 |
| 001 |
000275197 |
| 003 |
CZ BrMZK |
| 005 |
20151208152054.0 |
| 007 |
qu |
| 008 |
980105s1937 xr f zxx d |
| 040 |
|
|
|a BOA001
|b cze
|
| 072 |
|
7 |
|a 785
|x Instrumentální hudba. Symfonická hudba. Hudba pro více nástrojů
|2 Konspekt
|9 9
|
| 100 |
1 |
|
|a Vejvoda, Jaromír,
|d 1902-1988
|7 jn19990209983
|4 cmp
|
| 245 |
1 |
0 |
|a Já ráda tancuju
|h [hudebnina] =
|b Heut' möcht' ich tanzen! : polka /
|c hudba Jaro Vejvoda ; slova Vašek Zeman
|
| 246 |
3 |
1 |
|a Heut' möcht' ich tanzen!
|
| 260 |
|
|
|a Praha,
|b Jana Hoffmanna vva,
|c c1937
|
| 300 |
|
|
|a 1 sv. (na volných listech)
|
| 500 |
|
|
|a Neúplné, pouze tit. s. a part bubnů a saxofonu.
|
| 500 |
|
|
|a Rkp. opis partů: Housle II., Harmonika, Flétna, Corni I-II-F, Tenor B, Trombon
|
| 700 |
1 |
|
|a Zeman, Vašek,
|d 1909-1987
|7 jx20040920001
|4 lyr
|
| 910 |
|
|
|a BOA001
|b Mus4-0173.681
|
| 990 |
|
|
|a MU
|
| 991 |
|
|
|b 201310
|
| 996 |
6 |
|
|b 2619874618
|c Mus4-0173.681
|l MZK
|r Sklad / do 1 hodiny
|n 4
|w 000275197
|u 000010
|a 1
|e BOA001
|j MZK50
|s P
|